[Event "Wuerttemberg-chT Rapid"]
[Site "Boeblingen"]
[Date "2024.04.13"]
[Round "6.33"]
[White "Kottke, Markus"]
[Black "Notz, Lukas"]
[Result "0-1"]
[WhiteElo "2218"]
[BlackElo "1986"]
[PlyCount "142"]
[EventDate "2024.04.13"]
[EventType "team-tourn"]
[EventRounds "9"]
[EventCountry "GER"]
[SourceTitle "CB17_2024"]
[SourceDate "2024.04.24"]
[SourceVersion "1"]
[SourceVersionDate "2024.04.24"]
[SourceQuality "1"]

1. e4 c6 2. d4 d5 3. e5 Bf5 4. Nd2 e6 5. Nb3 c5 6. dxc5 Bxc5 7. Nxc5 Qa5+ 8. c3 Qxc5 9. Be3 Qc7 10. f4 Ne7 11. Nf3 Bg4 12. h3 Bxf3 13. Qxf3 Nf5 14. Bf2 h5 15. Bd3 g6 16. g4 hxg4 17. hxg4 Rxh1+ 18. Qxh1 Ne7 19. Qh8+ Kd7 20. Qf8 g5 21. Bg3 Qb6 22. Bf2 Qxb2 23. Rb1 Qxc3+ 24. Ke2 b6 25. Be1 Qc5 26. Bb4 Nbc6 27. Qxa8 Nxb4 28. Qxa7+ Kd8 29. Qa8+ Kc7 30. Qa3 Nxd3 31. Qxd3 Nc6 32. fxg5 Nxe5 33. Qd2 Nc4 34. Qf4+ Kc6 35. Rb3 Qg1 36. Qg3 Qc1 37. Qc3 Qxg5 38. Qf3 Qe5+ 39. Kf2 Qh2+ 40. Qg2 Qf4+ 41. Rf3 Qd4+ 42. Kg3 Ne3 43. Qf2 Qxg4+ 44. Kh2 Nf5 45. Rb3 Qh4+ 46. Qxh4 Nxh4 47. Kg3 Nf5+ 48. Kf4 Nd6 49. Ke5 Nc4+ 50. Kf6 e5 51. Kxf7 e4 52. Ke6 Kc5 53. Kf5 e3 54. Kf4 d4 55. a4 Kd5 56. Rb5+ Kc6 57. Kf3 d3 58. Rh5 d2 59. Ke2 Nb2 60. Rh6+ Kb7 61. Rd6 d1Q+ 62. Rxd1 Nxd1 63. Kxd1 Ka6 64. Ke2 Ka5 65. Kxe3 Kxa4 66. Kd2 Kb3 67. Kc1 b5 68. Kb1 b4 69. Ka1 Kc2 70. Ka2 b3+ 71. Ka3 b2 0-1

[Event "DSOL 04 Liga Gr-B 1st"]
[Site "Playchess.com INT"]
[Date "2020.07.13"]
[Round "4.1"]
[White "Schwartz, Dirk"]
[Black "Kottke, Markus"]
[Result "1-0"]
[WhiteElo "1846"]
[BlackElo "2210"]
[PlyCount "131"]
[EventDate "2020.06.22"]
[EventType "team-tourn (rapid)"]
[EventCountry "GER"]
[SourceTitle "EXT 2021"]
[Source "ChessBase"]
[SourceDate "2020.10.23"]
[SourceVersion "1"]
[SourceVersionDate "2020.10.23"]
[SourceQuality "1"]
[WhiteTeam "Rheinbacher SF"]
[BlackTeam "Leinfelden"]
[WhiteTeamCountry "GER"]
[BlackTeamCountry "GER"]

1. e4 c5 2. Nf3 e6 3. c3 Nf6 4. e5 Nd5 5. d4 Nc6 6. c4 Ndb4 7. d5 exd5 8. cxd5 Nd4 9. Nxd4 cxd4 10. a3 Nxd5 11. Qxd4 Nc7 12. Bc4 b6 13. 0-0 Bc5 14. Qe4 Rb8 15. b4 Be7 16. Nc3 Bb7 17. Qg4 Kf8 18. Bf4 h5 19. Qf5 Ne6 20. Bd5 Rc8 21. Bxb7 Rxc3 22. Rfc1 Nxf4 23. Rxc3 Ne2+ 24. Kf1 Nxc3 25. Rc1 Qc7 26. Qf3 Qxe5 27. Rxc3 g6 28. Bd5 f5 29. Bb3 Kg7 30. Re3 Qb5+ 31. Kg1 Bg5 32. Rd3 Re8 33. g3 Re7 34. h4 Bf6 35. Kg2 Qc6 36. Bd5 Qc1 37. Rd1 Qb2 38. Bc4 Bd4 39. Qd5 Qxf2+ 40. Kh3 Be5 41. Qg8+ Kh6 42. Qf8+ Rg7 43. Qh8+ Rh7 44. Qxe5 Qf3 45. Qe4 Qf2 46. Qe5 Qf3 47. Qf4+ Qxf4 48. gxf4 Re7 49. Bg8 Kg7 50. Bc4 Kf8 51. Bb5 Ke8 52. Kg3 Re3+ 53. Kg2 Rxa3 54. Rxd7 Kf8 55. Bc6 a5 56. bxa5 bxa5 57. Bd5 Ra4 58. Rf7+ Ke8 59. Bc6+ Kxf7 60. Bxa4 Ke6 61. Kf3 Kd5 62. Ke3 Kc4 63. Be8 Kc3 64. Bxg6 a4 65. Bxf5 a3 66. Be6 1-0

[Event "DSOL 04 Liga Gr-B 1st"]
[Site "Playchess.com INT"]
[Date "2020.07.06"]
[Round "3.1"]
[White "Kottke, Markus"]
[Black "Traetmar, Mattis"]
[Result "1-0"]
[WhiteElo "2210"]
[BlackElo "2030"]
[PlyCount "73"]
[EventDate "2020.06.22"]
[EventType "team-tourn (rapid)"]
[EventCountry "GER"]
[SourceTitle "EXT 2021"]
[Source "ChessBase"]
[SourceDate "2020.10.23"]
[SourceVersion "1"]
[SourceVersionDate "2020.10.23"]
[SourceQuality "1"]
[WhiteTeam "Leinfelden"]
[BlackTeam "Porta Westfalica"]
[WhiteTeamCountry "GER"]
[BlackTeamCountry "GER"]

1. e4 c6 2. d4 d5 3. exd5 cxd5 4. Bd3 Nf6 5. h3 Nc6 6. Nf3 e6 7. c3 Bd6 8. 0-0 0-0 9. Re1 Qc7 10. Bg5 Nd7 11. Qc2 h6 12. Be3 e5 13. dxe5 Ndxe5 14. Nxe5 Nxe5 15. Nd2 f5 16. Bd4 Bd7 17. Bxe5 Bxe5 18. Nf3 Bd6 19. Nd4 f4 20. Qb3 Rf7 21. Qxd5 f3 22. Bg6 Bh2+ 23. Kh1 fxg2+ 24. Kxg2 Raf8 25. Re3 Kh8 26. Bxf7 Rxf7 27. Rae1 Kh7 28. Rf3 Rxf3 29. Qxf3 Bd6 30. Qe4+ Kh8 31. Re3 Qa5 32. Qxb7 Qg5+ 33. Kf1 Qd8 34. Qe4 Qc8 35. Ne6 Qa6+ 36. Kg1 Bc6 37. Qd4 1-0

[Event "DSOL 04 Liga Gr-B 1st"]
[Site "Playchess.com INT"]
[Date "2020.06.22"]
[Round "1.1"]
[White "Kottke, Markus"]
[Black "Plaettner, Stefan"]
[Result "1-0"]
[WhiteElo "2210"]
[BlackElo "1909"]
[PlyCount "28"]
[EventDate "2020.06.22"]
[EventType "team-tourn (rapid)"]
[EventCountry "GER"]
[SourceTitle "EXT 2021"]
[Source "ChessBase"]
[SourceDate "2020.10.23"]
[SourceVersion "1"]
[SourceVersionDate "2020.10.23"]
[SourceQuality "1"]
[WhiteTeam "Leinfelden"]
[BlackTeam "Grossroehrsdorf"]
[WhiteTeamCountry "GER"]
[BlackTeamCountry "GER"]

1. e4 d6 2. d4 Nf6 3. Nc3 c6 4. f4 Qa5 5. Bd3 e5 6. Nf3 Bg4 7. Be3 Nbd7 8. 0-0 Be7 9. h3 Bh5 10. g4 exf4 11. Bxf4 Bg6 12. Qe2 0-0 13. Rae1 Rfe8 14. Qh2 Qb4 1-0

[Event "BL2-Nord 0405"]
[Site "Germany"]
[Date "2004.12.12"]
[Round "4.4"]
[White "Schlemermeyer, Wilhelm"]
[Black "Kottke, Markus"]
[Result "1-0"]
[WhiteElo "2368"]
[BlackElo "2231"]
[PlyCount "81"]
[EventDate "2004.10.24"]
[EventType "team-tourn"]
[EventRounds "9"]
[EventCountry "GER"]
[SourceTitle "EXT 2007"]
[Source "ChessBase"]
[SourceDate "2006.11.23"]
[SourceVersion "1"]
[SourceVersionDate "2006.11.23"]
[SourceQuality "1"]
[WhiteTeam "Kreuzberg II"]
[BlackTeam "Hannover Post"]
[WhiteTeamCountry "GER"]
[BlackTeamCountry "GER"]

1. g3 Nf6 2. Bg2 g6 3. d4 Bg7 4. e4 d6 5. Nc3 0-0 6. Nge2 Nc6 7. h3 e5 8. Be3 exd4 9. Nxd4 Bd7 10. 0-0 Re8 11. Re1 a6 12. Nde2 b5 13. a3 Qc8 14. Nf4 Ne5 15. b3 h6 16. g4 g5 17. Nfd5 Bc6 18. Ne2 Ng6 19. Ng3 Nh4 20. Nxf6+ Bxf6 21. Bd4 Be5 22. Bxe5 Rxe5 23. Nf5 Nxg2 24. Kxg2 Bxe4+ 25. Rxe4 Rxe4 26. Nxh6+ Kg7 27. Nf5+ Kf8 28. Qd2 f6 29. Qc3 Re5 30. f3 Qb7 31. h4 Rae8 32. hxg5 fxg5 33. Rh1 Qb6 34. Rh8+ Kf7 35. Rh7+ Kg8 36. Rg7+ Kf8 37. Rxc7 R8e6 38. Nd4 Rh6 39. Rc8+ Kf7 40. Rc7+ Kf8 41. Rc6 1-0

[Event "BL2-Nord 0304"]
[Site "Germany"]
[Date "2004.??.??"]
[Round "?.5"]
[White "Kottke, Markus"]
[Black "Von Herman, Ulf"]
[Result "0-1"]
[WhiteElo "2240"]
[BlackElo "2400"]
[PlyCount "42"]
[EventDate "2003.10.??"]
[EventType "team-tourn"]
[EventRounds "9"]
[EventCountry "GER"]
[SourceTitle "CBM 100 Extra"]
[Source "ChessBase"]
[SourceDate "2004.07.06"]
[SourceVersion "2"]
[SourceVersionDate "2004.07.06"]
[SourceQuality "1"]
[WhiteTeam "Hannover Post"]
[BlackTeam "Koenig Tegel"]
[WhiteTeamCountry "GER"]
[BlackTeamCountry "GER"]

1. e4 c5 2. Nf3 Nc6 3. d4 cxd4 4. Nxd4 Nf6 5. Nc3 e5 6. Ndb5 d6 7. Bg5 a6 8. Na3 b5 9. Bxf6 gxf6 10. Nd5 f5 11. exf5 Bxf5 12. Qf3 Nd4 13. Nc7+ Qxc7 14. Qxa8+ Ke7 15. c3 b4 16. cxb4 Bh6 17. Qxh8 Qb7 18. Bc4 Qxg2 19. Bd5 Be4 20. Bc4 Qxh1+ 21. Bf1 Bd3 0-1

[Event "Oberliga Nord W 0203"]
[Site "Germany"]
[Date "2003.01.26"]
[Round "5.8"]
[White "Fehsenfeld, Frithjof"]
[Black "Kottke, Markus"]
[Result "0-1"]
[WhiteElo "2082"]
[BlackElo "2199"]
[PlyCount "112"]
[EventDate "2002.10.20"]
[EventType "team"]
[EventRounds "9"]
[EventCountry "GER"]
[SourceTitle "EXT 2004"]
[Source "ChessBase"]
[SourceDate "2003.11.25"]
[SourceVersion "1"]
[SourceVersionDate "2003.11.25"]
[SourceQuality "1"]
[WhiteTeam "Delmenhorst"]
[BlackTeam "Hannover Post"]
[WhiteTeamCountry "GER"]
[BlackTeamCountry "GER"]

1. d4 Nf6 2. c4 g6 3. Bf4 Bg7 4. Nf3 0-0 5. h3 d6 6. e3 c5 7. Nbd2 Nc6 8. d5 Na5 9. Qc2 b5 10. e4 bxc4 11. Bxc4 Rb8 12. Rb1 Nxc4 13. Nxc4 Nxe4 14. 0-0 Nf6 15. Ne3 Rb4 16. Bg5 Bb7 17. Rfd1 Qa8 18. a3 Rb6 19. Qc4 Rb8 20. Bxf6 Bxf6 21. Ng4 Bg7 22. b4 cxb4 23. axb4 a5 24. bxa5 Bxd5 25. Qf1 Qxa5 26. Rxb6 Rxb6 27. Qe2 Bxf3 28. gxf3 h5 29. Ne3 Qg5+ 30. Ng2 Rb2 31. Qa6 Qc5 32. Qa8+ Kh7 33. Rf1 Qf5 34. Qe8 e6 35. Qa8 Qxh3 36. f4 Qf5 37. Qa3 d5 38. Qg3 d4 39. Rd1 Rb1 40. Rxb1 Qxb1+ 41. Kh2 d3 42. Ne3 d2 43. Qf3 Qd3 44. Kg2 Bd4 45. Nd1 Qxf3+ 46. Kxf3 Kg7 47. Ke2 Kf6 48. Kxd2 Kf5 49. Kd3 Bb6 50. Ke2 Kxf4 51. Nb2 e5 52. Nd3+ Kf5 53. Nb4 h4 54. Kf3 e4+ 55. Kg2 Kg4 56. Nd5 Bd4 0-1

[Event "Oberliga Nord W 0203"]
[Site "Germany"]
[Date "2002.10.20"]
[Round "1.8"]
[White "Kottke, Markus"]
[Black "Titzhoff, Frank"]
[Result "1/2-1/2"]
[WhiteElo "2199"]
[BlackElo "2076"]
[PlyCount "99"]
[EventDate "2002.10.20"]
[EventType "team"]
[EventRounds "9"]
[EventCountry "GER"]
[SourceTitle "EXT 2004"]
[Source "ChessBase"]
[SourceDate "2003.11.25"]
[SourceVersion "1"]
[SourceVersionDate "2003.11.25"]
[SourceQuality "1"]
[WhiteTeam "Hannover Post"]
[BlackTeam "Hannover SF"]
[WhiteTeamCountry "GER"]
[BlackTeamCountry "GER"]

1. e4 e6 2. d4 d5 3. Nc3 Bb4 4. e5 c5 5. a3 Bxc3+ 6. bxc3 Qa5 7. Bd2 cxd4 8. cxd4 Qa4 9. Rb1 Nc6 10. Nf3 Qxa3 11. Bb5 Bd7 12. 0-0 Qe7 13. Rb3 Qd8 14. Qa1 Nge7 15. Rfb1 0-0 16. Qa3 Nf5 17. Bd3 b6 18. g4 Ncxd4 19. Nxd4 Nxd4 20. Bxh7+ Kxh7 21. Rh3+ Kg8 22. Qd3 Nf5 23. gxf5 exf5 24. Rb4 Be6 25. Rbh4 f6 26. exf6 Qxf6 27. Bc3 d4 28. Bxd4 Qg5+ 29. Rg3 Qc1+ 30. Kg2 Rf7 31. Be3 Qa1 32. Rgh3 Rd7 33. Bd4 Qa4 34. Qe2 Qc6+ 35. f3 f4 36. Rxf4 Bxh3+ 37. Kxh3 Rc8 38. c3 Rd5 39. Rg4 Rd7 40. Qe5 Qxf3+ 41. Rg3 Qf1+ 42. Kh4 Qf7 43. Kh3 Re7 44. Qg5 Qf1+ 45. Rg2 Qd3+ 46. Rg3 Qh7+ 47. Kg2 Qe4+ 48. Kh3 Qh7+ 49. Kg2 Qe4+ 50. Kh3 1/2-1/2

[Event "Oberliga Nord W 0102"]
[Site "Germany"]
[Date "2002.04.28"]
[Round "9.2"]
[White "Hummel, Dirk"]
[Black "Kottke, Markus"]
[Result "1-0"]
[WhiteElo "2269"]
[BlackElo "2206"]
[PlyCount "65"]
[EventDate "2001.10.07"]
[EventType "team"]
[EventRounds "9"]
[EventCountry "GER"]
[SourceTitle "EXT 2003"]
[Source "ChessBase"]
[SourceDate "2002.11.25"]
[SourceVersion "1"]
[SourceVersionDate "2002.11.25"]
[SourceQuality "1"]
[WhiteTeam "Tura Melle"]
[BlackTeam "Hannover Post"]
[WhiteTeamCountry "GER"]
[BlackTeamCountry "GER"]

1. d4 Nf6 2. c4 g6 3. Nc3 Bg7 4. e4 d6 5. f3 0-0 6. Bg5 c5 7. d5 e6 8. Qd2 exd5 9. cxd5 h6 10. Be3 Nh7 11. Nge2 h5 12. Nf4 Nd7 13. Be2 Ne5 14. 0-0 h4 15. Rab1 Qa5 16. b4 cxb4 17. Nb5 a6 18. Nxd6 b5 19. Rfc1 Rd8 20. Bc5 Rxd6 21. Bxd6 Nc4 22. Qxb4 Qb6+ 23. Bc5 Bd4+ 24. Bxd4 Qxd4+ 25. Kh1 Qe3 26. Bxc4 Qxf4 27. Bf1 h3 28. Qe7 Ng5 29. Qd8+ Kg7 30. Rxc8 Rxc8 31. Qxc8 Nxf3 32. Qc3+ Ne5 33. Qg3 1-0

[Event "Oberliga Nord W 0102"]
[Site "Germany"]
[Date "2001.11.11"]
[Round "2.2"]
[White "Kottke, Markus"]
[Black "Clemens, Christian"]
[Result "1-0"]
[WhiteElo "2206"]
[BlackElo "2339"]
[PlyCount "67"]
[EventDate "2001.10.07"]
[EventType "team"]
[EventRounds "9"]
[EventCountry "GER"]
[SourceTitle "EXT 2003"]
[Source "ChessBase"]
[SourceDate "2002.11.25"]
[SourceVersion "1"]
[SourceVersionDate "2002.11.25"]
[SourceQuality "1"]
[WhiteTeam "Hannover Post"]
[BlackTeam "Braunschweig SC"]
[WhiteTeamCountry "GER"]
[BlackTeamCountry "GER"]

1. e4 d5 2. exd5 Nf6 3. d4 Nxd5 4. c4 Nb6 5. Nf3 Bg4 6. c5 N6d7 7. h3 Bh5 8. Bc4 e6 9. Be3 Nc6 10. Nc3 e5 11. d5 Nd4 12. g4 Nxf3+ 13. Qxf3 Bg6 14. Bb5 a6 15. Ba4 b5 16. cxb6 Bb4 17. b7 Rb8 18. Bc6 e4 19. Qe2 0-0 20. Ba7 Ne5 21. 0-0-0 Bxc3 22. bxc3 Nd3+ 23. Rxd3 exd3 24. Qe5 Rxb7 25. Bxb7 Re8 26. Qf4 Qe7 27. Qa4 d2+ 28. Kxd2 Qe2+ 29. Kc1 Re4 30. Qb3 Qf3 31. Rd1 Re2 32. d6 Rc2+ 33. Qxc2 Bxc2 34. Bxf3 1-0

[Event "Oberliga Nord W 0001"]
[Site "Germany"]
[Date "2001.01.07"]
[Round "4.2"]
[White "Clemens, Christian"]
[Black "Kottke, Markus"]
[Result "1/2-1/2"]
[WhiteElo "2355"]
[BlackElo "2228"]
[PlyCount "49"]
[EventDate "2000.10.15"]
[EventType "team"]
[EventRounds "9"]
[EventCountry "GER"]
[SourceTitle "EXT 2003"]
[Source "ChessBase"]
[SourceDate "2002.11.25"]
[SourceVersion "1"]
[SourceVersionDate "2002.11.25"]
[SourceQuality "1"]
[WhiteTeam "Braunschweig SC"]
[BlackTeam "Hannover Post"]
[WhiteTeamCountry "GER"]
[BlackTeamCountry "GER"]

1. g3 c5 2. Bg2 g6 3. e4 Bg7 4. d3 d6 5. f4 Nc6 6. Nf3 e6 7. c3 Nge7 8. Be3 0-0 9. 0-0 b6 10. Re1 Ba6 11. Na3 Qd7 12. Bf2 Rac8 13. Nc2 e5 14. d4 cxd4 15. cxd4 exf4 16. gxf4 Na5 17. b3 Rc7 18. Rc1 Rfc8 19. Qd2 Bb5 20. Bh4 Rc3 21. Nb4 Rxc1 22. Rxc1 Rxc1+ 23. Qxc1 Nac6 24. Nxc6 Nxc6 25. Qd2 1/2-1/2

[Event "Oberliga Nord W 0001"]
[Site "Germany"]
[Date "2000.10.15"]
[Round "1.2"]
[White "Hermann, Manfred"]
[Black "Kottke, Markus"]
[Result "1-0"]
[WhiteElo "2351"]
[BlackElo "2228"]
[PlyCount "37"]
[EventDate "2000.10.15"]
[EventType "team"]
[EventRounds "9"]
[EventCountry "GER"]
[SourceTitle "EXT 2003"]
[Source "ChessBase"]
[SourceDate "2002.11.25"]
[SourceVersion "1"]
[SourceVersionDate "2002.11.25"]
[SourceQuality "1"]
[WhiteTeam "Oldenburg Union"]
[BlackTeam "Hannover Post"]
[WhiteTeamCountry "GER"]
[BlackTeamCountry "GER"]

1. e4 c5 2. c3 d5 3. exd5 Qxd5 4. d4 Nf6 5. Nf3 Nc6 6. Be3 cxd4 7. cxd4 e6 8. Nc3 Qd6 9. a3 Be7 10. Bd3 0-0 11. Qc2 h6 12. Rc1 a6 13. 0-0 b6 14. Ne4 Nxe4 15. Bxe4 Bd7 16. Bxc6 Rac8 17. Ne5 Bxc6 18. Nxc6 Bf6 19. Qe4 1-0

[Event "Lost Boys op"]
[Site "Amsterdam"]
[Date "2000.08.14"]
[Round "4"]
[White "Egeli, Per Ove"]
[Black "Kottke, Markus"]
[Result "1-0"]
[WhiteElo "2347"]
[BlackElo "2228"]
[PlyCount "69"]
[EventDate "2000.08.05"]
[EventType "swiss"]
[EventRounds "9"]
[EventCountry "NED"]
[SourceTitle "CBM 077 Extra"]
[Source "ChessBase"]
[SourceDate "2000.09.14"]
[SourceVersion "1"]
[SourceVersionDate "2000.09.14"]
[SourceQuality "1"]

1. c4 Nf6 2. g3 g6 3. Bg2 Bg7 4. Nc3 0-0 5. e4 d6 6. Nge2 e5 7. d3 Na6 8. 0-0 c6 9. h3 Ne8 10. Be3 Be6 11. b3 Nec7 12. d4 d5 13. exd5 cxd5 14. dxe5 dxc4 15. f4 Qc8 16. bxc4 Bxh3 17. Nd5 Re8 18. Rc1 Bxg2 19. Kxg2 b6 20. Nec3 Qe6 21. Ne4 Rad8 22. Nd6 Rf8 23. Qf3 f6 24. exf6 Nxd5 25. cxd5 Qxd6 26. fxg7 Kxg7 27. Rfd1 Kg8 28. Rc6 Qa3 29. Qe4 Rd6 30. Qe7 Rfd8 31. Bd4 Qxa2+ 32. Kh3 R6d7 33. Qe5 Qa3 34. Qh8+ Kf7 35. Rf6+ 1-0

[Event "Lost Boys op"]
[Site "Amsterdam"]
[Date "2000.??.??"]
[Round "?"]
[White "Rubingh, Otto"]
[Black "Kottke, Markus"]
[Result "1-0"]
[WhiteElo "2260"]
[BlackElo "2225"]
[PlyCount "53"]
[EventDate "2000.08.05"]
[EventType "swiss"]
[EventRounds "9"]
[EventCountry "NED"]
[SourceTitle "EXT 2002"]
[Source "ChessBase"]
[SourceDate "2001.11.25"]
[SourceVersion "1"]
[SourceVersionDate "2001.11.25"]
[SourceQuality "1"]

1. d4 Nf6 2. Nf3 g6 3. c4 Bg7 4. Nc3 0-0 5. Bg5 d6 6. Qd2 Nbd7 7. e4 e5 8. dxe5 dxe5 9. 0-0-0 Re8 10. h4 h5 11. g4 hxg4 12. Nh2 c6 13. Nxg4 Qc7 14. Nxf6+ Nxf6 15. Be2 Be6 16. Rdg1 Kf8 17. h5 Nxh5 18. Bxh5 gxh5 19. Rxh5 Qd7 20. Qe3 f6 21. Bh6 Bxh6 22. Qxh6+ Ke7 23. Rd1 Qc8 24. Qg7+ Bf7 25. Rh7 Rf8 26. c5 Ke8 27. Rd6 1-0

[Event "Wuerttemberg op"]
[Site "Wuerttemberg"]
[Date "1999.09.05"]
[Round "9"]
[White "Kottke, Markus"]
[Black "Melcher, Wolfgang"]
[Result "1-0"]
[WhiteElo "2220"]
[BlackElo "2250"]
[PlyCount "81"]
[EventDate "1999.08.28"]
[EventType "swiss"]
[EventRounds "9"]
[EventCountry "GER"]
[SourceTitle "EXT 2002"]
[Source "ChessBase"]
[SourceDate "2001.11.25"]
[SourceVersion "1"]
[SourceVersionDate "2001.11.25"]
[SourceQuality "1"]

1. e4 c5 2. Nf3 e6 3. d4 cxd4 4. Nxd4 a6 5. Bd3 Nc6 6. Nxc6 dxc6 7. Bf4 Qf6 8. Qc1 e5 9. Bg5 Qg6 10. 0-0 Be7 11. Bxe7 Nxe7 12. Qe3 0-0 13. Nc3 b5 14. Rfd1 Qf6 15. Qc5 Be6 16. a4 h5 17. Be2 g6 18. Rd3 Rfe8 19. Na2 Bxa2 20. Rxa2 Qf4 21. Re3 Rad8 22. axb5 axb5 23. Ra7 Kf8 24. Rc7 Qf6 25. c4 bxc4 26. Qxc4 Rd4 27. Qb3 Qd6 28. Rf3 f6 29. h3 Kg7 30. Qb7 Rb4 31. Rxc6 Rxb7 32. Rxd6 Rxb2 33. Bd1 Rb1 34. Kh2 Rf8 35. Rd7 Kf7 36. Bb3+ Ke8 37. Rfd3 Nc6 38. Ba4 Rc1 39. Rd8+ Ke7 40. R3d7+ Ke6 41. Bb3+ 1-0

[Event "Wuerttemberg op"]
[Site "Wuerttemberg"]
[Date "1999.08.30"]
[Round "3"]
[White "Kottke, Markus"]
[Black "Lutzenberger, Reimund"]
[Result "1/2-1/2"]
[WhiteElo "2220"]
[BlackElo "2266"]
[PlyCount "110"]
[EventDate "1999.08.28"]
[EventType "swiss"]
[EventRounds "9"]
[EventCountry "GER"]
[SourceTitle "EXT 2002"]
[Source "ChessBase"]
[SourceDate "2001.11.25"]
[SourceVersion "1"]
[SourceVersionDate "2001.11.25"]
[SourceQuality "1"]

1. d4 Nf6 2. c4 g6 3. Nc3 Bg7 4. e4 d6 5. Nf3 0-0 6. Be2 e5 7. 0-0 Nc6 8. d5 Ne7 9. Ne1 Nd7 10. Be3 f5 11. f3 f4 12. Bf2 g5 13. a4 Ng6 14. a5 h5 15. Nb5 Nf6 16. Nxa7 Bd7 17. c5 g4 18. c6 g3 19. hxg3 fxg3 20. Bxg3 Rxa7 21. cxd7 Qxd7 22. Nc2 Bh6 23. Bf2 Raa8 24. Ne3 h4 25. Nf5 Bg5 26. g4 hxg3 27. Bxg3 Nh5 28. Bh2 Ngf4 29. Kh1 Qh7 30. Rg1 Nh3 31. Rxg5+ Nxg5 32. Qg1 Rxf5 33. exf5 Qxf5 34. Qg4 Qxg4 35. fxg4 Nf6 36. b4 Kg7 37. b5 Nxd5 38. a6 bxa6 39. bxa6 Nb6 40. Bb5 Ne6 41. Bc6 Ra7 42. Bg1 Nd4 43. Bb7 Nd7 44. Rd1 Nc5 45. Rxd4 exd4 46. Bxd4+ Kg6 47. Bxc5 dxc5 48. Kg2 Kg5 49. Kf3 c4 50. Ke4 c5 51. Ke3 Kxg4 52. Kd2 Kf4 53. Kc3 Ke5 54. Kxc4 Kd6 55. Kb5 Rxa6 1/2-1/2

[Event "Wuerttemberg op"]
[Site "Wuerttemberg"]
[Date "1999.08.28"]
[Round "1"]
[White "Kottke, Markus"]
[Black "Holzhaeuer, Mathias"]
[Result "0-1"]
[WhiteElo "2220"]
[BlackElo "2334"]
[PlyCount "122"]
[EventDate "1999.08.28"]
[EventType "swiss"]
[EventRounds "9"]
[EventCountry "GER"]
[SourceTitle "EXT 2002"]
[Source "ChessBase"]
[SourceDate "2001.11.25"]
[SourceVersion "1"]
[SourceVersionDate "2001.11.25"]
[SourceQuality "1"]

1. e4 d5 2. exd5 Nf6 3. c4 c6 4. d4 cxd5 5. Nc3 Be6 6. Nge2 dxc4 7. Nf4 Bg4 8. f3 Bc8 9. Bxc4 e6 10. Be3 Bd6 11. 0-0 a6 12. Ne4 0-0 13. Rc1 b5 14. Bb3 Bb7 15. Nxd6 Qxd6 16. d5 exd5 17. Qd2 Re8 18. Bc5 Qd8 19. Rfd1 Nbd7 20. Nxd5 Nxd5 21. Bxd5 Nxc5 22. Rxc5 Qb6 23. Qf2 Bxd5 24. Rcxd5 Qe6 25. a3 g6 26. h4 h5 27. Rd7 Rac8 28. R7d6 Qb3 29. R1d3 Rc1+ 30. Kh2 Qc2 31. Rd2 Qb1 32. Re2 Rxe2 33. Qxe2 Rh1+ 34. Kg3 Qg1 35. Rd8+ Kh7 36. Kf4 Qh2+ 37. Ke3 Qxh4 38. Rd1 Qg5+ 39. Kd3 Rxd1+ 40. Qxd1 Qxg2 41. Kc3 Qg5 42. Kb4 Qf6 43. b3 Qb6 44. Qd5 Qf6 45. Ka5 h4 46. f4 Kg7 47. Qf3 Qe6 48. b4 h3 49. Qg3 Kf8 50. f5 Qxf5 51. Kxa6 Qh5 52. Qh2 Qf5 53. a4 bxa4 54. b5 Qc8+ 55. Ka7 Qd7+ 56. Ka6 a3 57. Qg3 Qc8+ 58. Ka7 Qc5+ 59. Ka8 a2 60. b6 a1Q+ 61. Kb7 Qd5+ 0-1

[Event "Neckar op 1st"]
[Site "Deizisau"]
[Date "1997.??.??"]
[Round "2"]
[White "Golubev, Mikhail"]
[Black "Kottke, Markus"]
[Result "1-0"]
[WhiteElo "2530"]
[BlackElo "2160"]
[PlyCount "77"]
[EventDate "1997.??.??"]
[EventType "swiss"]
[EventRounds "9"]
[EventCountry "GER"]
[SourceTitle "EXT 1999"]
[Source "ChessBase"]
[SourceDate "1998.11.16"]
[SourceVersion "1"]
[SourceVersionDate "1998.11.16"]
[SourceQuality "1"]

1. e4 c5 2. Nf3 d6 3. d4 cxd4 4. Nxd4 Nf6 5. Nc3 a6 6. Bc4 b5 7. Bb3 Bb7 8. 0-0 e6 9. Re1 Be7 10. Bxe6 fxe6 11. Nxe6 Qd7 12. Nxg7+ Kd8 13. Nd5 Bxd5 14. exd5 Qg4 15. Qxg4 Nxg4 16. Nf5 Bf6 17. Nxd6 Rf8 18. h3 Bd4 19. hxg4 Bxf2+ 20. Kh2 Bxe1 21. Bg5+ Kc7 22. Rxe1 Nd7 23. Nf5 Rae8 24. Re6 Rxe6 25. dxe6 Nc5 26. e7 Rg8 27. Ng7 Kd7 28. e8Q+ Rxe8 29. Nxe8 Kxe8 30. Kg3 Kf7 31. Be3 Nd7 32. Kf4 Ke6 33. Bd4 Nb8 34. c3 Nc6 35. Kg5 Kf7 36. Kf5 a5 37. b3 Ke7 38. Bc5+ Kf7 39. a4 1-0